000
00305nam a22001337a 4500
008
170929b xxu||||| |||| 00| 0 eng d
020
_a
9781416619567
041
_a
eng
080
_a
37
100
_a
47
101
_a
EDU
245
_a
AUTHENTIC LEARNING IN THE DIGITAL AGE
_c
PAHOMOV,L
942
_2
udc
_c
BK
999
_c
30820
_d
30820